Normal view
MARC view
- Busmeon, Bonna May
Entry Personal Name
001 - CONTROL NUMBER
- control field: 29238
003 - CONTROL NUMBER IDENTIFIER
- control field: OSt
005 - DATE AND TIME OF LATEST TRANSACTION
- control field: 20180720153842.0
008 - FIXED-LENGTH DATA ELEMENTS
- fixed length control field: 180720|| aca||aabn | a|a d
040 ## - CATALOGING SOURCE
- Original cataloging agency: OSt
100 ## - HEADING--PERSONAL NAME
- Personal name: Busmeon, Bonna May
